| 000 | 00514nam a2200193Ia 4500 | ||
|---|---|---|---|
| 999 |
_c10185 _d10185 |
||
| 020 | _a8185182566 | ||
| 082 | _aRR 332.042 ADJ- | ||
| 245 | 0 | _aAdjustment and liberalization in the third world | |
| 260 |
_aNew Delhi _bIndus _c1991 |
||
| 300 | _av.12, 855 | ||
| 440 | _aNew world order series; 12 | ||
| 504 | _aincludes index | ||
| 650 | _aInternational Finance | ||
| 650 | _aStructural Adjustment | ||
| 700 | _aTandon, Rameshwar | ||
| 700 | _aHatti, Neelambar | ||
| 700 | _aSinger, H.W. | ||
| 942 |
_cBK _2ddc |
||